Konzervatívci to vidia inak Volebné výsledky vyvolávajú iskrenie v zahraničnej politike USA

Bibliographic Details
Main Author: Babic, Marián (Author)
Format: Article
Language:Slovak
PhysicalDescription:Obr. 1
Subjects:

MARC

LEADER 00000nab a2200000 a 4500
001 vtls000535216
003 SK-MaSNL
005 20260304055600.0
008 120928c1994 xo 0 slo
015 |a SNBRB19rr/mm-uuuuu 
035 |a CL0535354 
040 |a SNKBUCL  |b slo  |c SNKBUCL  |e AACR2 
041 0 |a slo 
044 |a xo  |c SK 
080 |a 327(73):324(73)  |2 1981 
080 |a 324(73)  |2 1981 
100 1 |a Babic, Marián  |4 aut  |9 376054 
245 1 0 |a Konzervatívci to vidia inak  |b Volebné výsledky vyvolávajú iskrenie v zahraničnej politike USA  |c Marián Babic 
300 |b Obr. 1 
650 0 7 |a zahraničná politika  |2 snkbucl  |9 971 
651 7 |a Spojené štáty americké  |2 snkbucl  |9 18262 
655 7 |a články z novín a časopisov  |2 snkbucl  |9 267496 
773 0 |t Nové slovo bez rešpektu  |g Roč. 4, č. 49 (1994), s. 14 
850 |a Slovenská národná knižnica v Martine  |a MTA001 
852 |a SNK  |b KIS3GCP 
958 |a RK 
992 |a RBX 
999 |c 2725317  |d 2727247